Superconductivity/ (Record no. 9501)
[ view plain ]
| 000 -LEADER | |
|---|---|
| fixed length control field | 00513nam a22002057a 4500 |
| 003 - CONTROL NUMBER IDENTIFIER | |
| control field | OSt |
| 005 - DATE AND TIME OF LATEST TRANSACTION | |
| control field | 20241211163819.0 |
| 008 - FIXED-LENGTH DATA ELEMENTS--GENERAL INFORMATION | |
| fixed length control field | 241211b |||||||| |||| 00| 0 eng d |
| 020 ## - INTERNATIONAL STANDARD BOOK NUMBER | |
| International Standard Book Number | 0521565626 |
| 040 ## - CATALOGING SOURCE | |
| Transcribing agency | must |
| 082 ## - DEWEY DECIMAL CLASSIFICATION NUMBER | |
| Edition number | 621.3 |
| 100 ## - MAIN ENTRY--PERSONAL NAME | |
| Relator code | Ketterson,JB |
| 245 ## - TITLE STATEMENT | |
| Title | Superconductivity/ |
| Statement of responsibility, etc. | JB Ketterson |
| 260 ## - PUBLICATION, DISTRIBUTION, ETC. (IMPRINT) | |
| Place of publication, distribution, etc. | UK: |
| Name of publisher, distributor, etc. | Cambridge university press; |
| Date of publication, distribution, etc. | c1999. |
| 300 ## - PHYSICAL DESCRIPTION | |
| Extent | xiv,497p.; |
| Other physical details | ill: |
| Dimensions | 24cm. |
| 500 ## - GENERAL NOTE | |
| General note | includes index |
| 650 ## - SUBJECT ADDED ENTRY--TOPICAL TERM | |
| Source of heading or term | Super conductors |
| 700 ## - ADDED ENTRY--PERSONAL NAME | |
| Relator code | Song,S.N |
| 942 ## - ADDED ENTRY ELEMENTS (KOHA) | |
| Source of classification or shelving scheme | Dewey Decimal Classification |
| Koha item type | Book Bank |
| Withdrawn status | Lost status | Source of classification or shelving scheme | Damaged status | Not for loan | Home library | Current library | Date acquired | Source of acquisition | Inventory number | Total Checkouts | Barcode | Date last seen | Price effective from | Koha item type |
|---|---|---|---|---|---|---|---|---|---|---|---|---|---|---|
| Dewey Decimal Classification | MUST Main Library | MUST Main Library | 11/12/2024 | purchase | 04/20773 | 2024-22607 | 11/12/2024 | 11/12/2024 | Book Bank |
